000 00313nam a2200109Ia 4500
008 220204s9999 xx 000 0 und d
082 _a929A/Z(TER)
_bMUG
100 _aMuggeridge, Malcolm
245 0 _aSomething beautiful for god: Mother Teresa of Calcutta
260 _aLondon
_bWilliam Collins
_c1971
942 _cBK
999 _c32667
_d32667